Castellano 4º Básico

Salvato in:
Dettagli Bibliografici
Autore principale: Yumha I., Faride (Autore)
Natura: Libro
Lingua:spagnolo
Pubblicazione: Santiago Arrayán 1992
Soggetti:
Tags: Aggiungi Tag
Nessun Tag, puoi essere il primo ad aggiungerne!!

MARC

LEADER 00000nam a2200000 a 4500
001 UCT0807
003 CL-VaPUC
008 960906e19920000CL |||||||||||||||||spa|d
082 0 4 |a 372.6  |b YUM  |2 21 
100 0 |a Yumha I., Faride  |e author  |9 369305 
245 1 0 |a Castellano 4º Básico 
300 |a 144 p 
942 |c BK 
945 |d 19960906 00:00:00  |a nastorga 
260 |a Santiago  |b Arrayán  |c 1992 
500 |a Incluye Set de Materiales 
650 0 |a Español  |9 255372 
650 0 |a Educación básica   |9 224933 
650 0 |a Educación lingüística  |9 306506 
650 0 |a Libros de texto  |9 270019 
650 0 |a Lectura  |9 307634 
650 0 |a Cuentos  |9 308079 
650 0 |a Diccionarios  |9 256200 
650 0 |a Escritura  |9 264941 
650 0 |a Enseñanza de la lectura  |9 308364 
583 |a last modification  |c 20170816 01:06:05  |k Rodrigo Vera 
999 |c 251509  |d 251507 
952 |0 0  |1 0  |4 0  |6 372_600000000000000_YUM_1992  |7 0  |8 A  |9 270716  |a BIBEDU  |b BIBEDU  |d 2019-11-19  |i 322919K  |o 372.6 YUM 1992  |p 322919K  |r 2019-11-19  |w 2019-11-19  |y BK  |k EDU 
952 |0 0  |1 0  |4 0  |6 372_600000000000000_YUM_1992  |7 0  |8 A  |9 270717  |a BIBEDU  |b BIBEDU  |d 2019-11-19  |i 3229327  |o 372.6 YUM 1992  |p 3229327  |r 2019-11-19  |w 2019-11-19  |y BK  |k EDU